| 000 | 00428nam a2200181Ia 4500 | ||
|---|---|---|---|
| 008 | 210210b1942 xxu||||| |||| 00| 0 eng d | ||
| 041 | _aeng | ||
| 082 | _a828/117 | ||
| 100 | _aBURTON (Jean) | ||
| 245 | _aSir Richard Burtons wife | ||
| 260 |
_aLondon _bGeorge G Harrap and Company Limited _c1942 |
||
| 650 | _awife | ||
| 650 | _aSir | ||
| 650 | _aRichard | ||
| 650 | _aBurtons | ||
| 690 | _aBiography | ||
| 906 | _a015962 | ||
| 999 |
_c135351 _d135351 |
||